|
|
|
|
| LEADER |
00000naa2a2200000 4500 |
| 001 |
620256 |
| 005 |
20231101133113.0 |
| 035 |
|
|
|a (RuTPU)RU\TPU\conf\18730
|
| 035 |
|
|
|a RU\TPU\conf\18729
|
| 090 |
|
|
|a 620256
|
| 100 |
|
|
|a 20160922d2016 k y0rusy50 ba
|
| 101 |
0 |
|
|a eng
|
| 102 |
|
|
|a RU
|
| 105 |
|
|
|a y z 100zy
|
| 135 |
|
|
|a drcn ---uucaa
|
| 181 |
|
0 |
|a i
|
| 182 |
|
0 |
|a b
|
| 200 |
1 |
|
|a Investigation of dispersing agent impact on asphaltene aggregation in modeling system
|f G. A. Ges, Y. R. Ismailov, A. S. Margert
|g sci. adv. L. V. Shishmina, R. N. Abramova
|
| 203 |
|
|
|a Текст
|c электронный
|
| 225 |
1 |
|
|a Геология, горное и нефтегазовое дело (доклады на английском и немецком языках)
|
| 230 |
|
|
|a 1 компьютерный файл (pdf; 363 Kb)
|
| 300 |
|
|
|a Заглавие с экрана
|
| 320 |
|
|
|a [Библиогр.: с. 1148 (3 назв.)]
|
| 461 |
|
1 |
|0 (RuTPU)RU\TPU\conf\17456
|t Проблемы геологии и освоения недр
|o труды XX Международного симпозиума имени академика М. А. Усова студентов и молодых ученых, посвященного 120-летию со дня основания Томского политехнического университета, Томск, 4-8 апреля 2016 г.
|o в 2 т.
|f Национальный исследовательский Томский политехнический университет (ТПУ), Институт природных ресурсов (ИПР) ; Общество инженеров-нефтяников, международная некоммерческая организация, Студенческий чаптер ; под ред. А. Ю. Дмитриева
|d 2016
|
| 463 |
|
1 |
|0 (RuTPU)RU\TPU\conf\17458
|t Т. 2
|v [С. 1147-1148]
|d 2016
|
| 610 |
1 |
|
|a труды учёных ТПУ
|
| 610 |
1 |
|
|a электронный ресурс
|
| 610 |
1 |
|
|a агрегация
|
| 610 |
1 |
|
|a асфальтены
|
| 610 |
1 |
|
|a системы моделирования
|
| 610 |
1 |
|
|a дисперсия
|
| 610 |
1 |
|
|a диспергаторы
|
| 610 |
1 |
|
|a корреляционная спектроскопия
|
| 700 |
|
1 |
|a Ges
|b G. A.
|
| 701 |
|
1 |
|a Ismailov
|b Y. R.
|
| 701 |
|
1 |
|a Margert
|b A. S.
|
| 702 |
|
1 |
|a Shishmina
|b L. V.
|c geologist
|c Associate Professor of Tomsk Polytechnic University, Candidate of chemical sciences
|f 1951-
|g Lyudmila Vsevolodovna
|2 stltpush
|4 727
|
| 702 |
|
1 |
|a Abramova
|b R. N.
|c linguist
|c Associate Professor of Tomsk Polytechnic Universit
|f 1950-
|g Raisa Nikolaevna
|2 stltpush
|4 727
|
| 712 |
0 |
2 |
|a Национальный исследовательский Томский политехнический университет (ТПУ)
|b Институт природных ресурсов (ИПР)
|b Кафедра иностранных языков (ИЯПР)
|h 6735
|2 stltpush
|3 (RuTPU)RU\TPU\col\18662
|
| 712 |
0 |
2 |
|a Национальный исследовательский Томский политехнический университет (ТПУ)
|b Институт природных ресурсов (ИПР)
|b Кафедра геологии и разработки нефтяных месторождений (ГРНМ)
|h 258
|2 stltpush
|3 (RuTPU)RU\TPU\col\18657
|
| 801 |
|
2 |
|a RU
|b 63413507
|c 20160930
|g RCR
|
| 856 |
4 |
|
|u http://earchive.tpu.ru/handle/11683/32251
|
| 942 |
|
|
|c BK
|